01324cam a2200289 a 450000100100000000500170001000800410002702000150006804000200008308200200010310000330012324500870015626000850024330000410032849000150036965000610038465000500044565000380049565100440053383000220057791000340059991000070063395201230064095201280076395201280089199900150101900000492020200929151533.0910307s1991 pr ac 001 1 spa  a084773661X aDO-SdBNPdBNPHU aCu860.09bB423e1 aBejel, Emilio,d1944-91422510aEscribir en Cuba :bentrevistas con escritores cubanos, 1979-1989 /cEmilio Bejel. aRío Piedras, Puerto Rico :bEditorial de la Universidad de Puerto Rico,c1991. axiv, 387 p. :bil., retrs. ;c21 cm.1 aCaribeña 4aLiteratura cubanaxHistoria y críticaySIGLO XX914226 4aAutores cubanosySIGLO XXvENTREVISTAS914227 4aLiteratura y sociedadzCuba99841 4aCubaxVida IntelectualySIGLO XX914228 0aCaribeña914229 aCatalogación por copia / LC aWM 001052708MOaGRbGRcHDd2009-07-27iLF1l0oCu860.09 B423ep4920-10r2020-06-25w2020-06-25y2ZPréstamo interno 001053728MOaGRbGRcHDd2009-07-27iLF1l0oCu860.09 B423ep4920-20r2020-06-25te.2w2020-06-25y2ZPréstamo interno 001052708MOaGRbGRcHDd2009-07-27iLF1l0oCu860.09 B423ep4920-30r2020-06-25te.3w2020-06-25y2ZPréstamo interno c4726d4726